Sports Quiz

Random Sports or World Quiz
Score 0/10 Timer 01:00
0 Plays Today
Year Team % Correct
1961New York Yankees
100%
1962New York Yankees
100%
1963Los Angeles Dodgers
94.9%
1965Los Angeles Dodgers
94.9%
1964St. Louis Cardinals
93.9%
1967St. Louis Cardinals
93.9%
1969New York Mets
93.9%
1960Pittsburgh Pirates
92.9%
1968Detroit Tigers
92.9%
1966Baltimore Orioles
88.8%
Remove Ads.
Support Sporcle.
Get the best of Sporcle when you Go Orange. This ad-free experience offers more features, more stats, and more fun while also helping to support Sporcle. Thank you for becoming a member.

You're not logged in!

Compare scores with friends on all Sporcle quizzes.
OR
Log In

Show Comments

Extras

Created Jul 10, 2012ReportNominate
Tags:World Quiz, 1960, champion, team

Top Quizzes Today


Score Distribution

Your Account Isn't Verified!

In order to create a playlist on Sporcle, you need to verify the email address you used during registration. Go to your Sporcle Settings to finish the process.

Report this User

Report this user for behavior that violates our Community Guidelines.

Details: